MARC детайли
| 000 -Лидер |
| Контролно поле с фиксирана дължина |
02024nam a2200397 a 4500 |
| 003 - Код на организацията, давaща контролен номер |
| Контролно поле |
BLK |
| 005 - Дата и час на последна редакция |
| Контролно поле |
20241111121747.0 |
| 008 - Елементи от данни с фиксирана дължина |
| fixed length control field |
180408b bul|||||r ||||||| ||bul|| |
| 010 ## - Наследен системен номер |
| LC control number |
KNG00082826000 |
| 020 ## - Международен стандартен номер на книга ISBN |
| Международен стандартен номер на книга ISBN |
978-954-739-989-1 |
| 040 ## - Източник на каталожния запис |
| Идентификатор на билиотеката - собственик на записа |
BLK |
| 041 ## - Код за език |
| Код за езика на текст/звукозапис или на отделно заглавие |
Български |
| Код за езика КДБФ |
Български |
| 072 #7 - Код за тематичната категория |
| Код организация |
bullib |
| Код за тематична категория |
Н84 |
| Текст |
Българска художествена литература Н |
| 080 ## - УДК |
| Текстов определител УДК |
Българска литература |
| УДК код - определител по УДК |
821.163.2 |
| УДК определител |
-94 |
| УДК - код + определител |
821.163.2-94 |
| 080 ## - УДК |
| Текстов определител УДК |
Литература на отделни езици и езикови семейства |
| УДК код - определител по УДК |
821 |
| УДК определител |
(092)(0:82-94) |
| УДК - код + определител |
821(092)(0:82-94) |
| 080 ## - УДК |
| Текстов определител УДК |
Литература на отделни езици и езикови семейства |
| УДК код - определител по УДК |
821 |
| УДК определител |
-1 |
| УДК - код + определител |
821-1 |
| 080 ## - УДК |
| Текстов определител УДК |
Биографии |
| УДК код - определител по УДК |
929 |
| УДК определител |
(100) |
| УДК - код + определител |
929(100) |
| 100 1# - Редна дума - Автор |
| Автор |
Вълчев, Найден Станев |
| Авторска отговорност |
първи автор |
| R(LIN) |
368316 |
| 139 ## - Редно поле |
| Редна дума |
Вълчев, Найден Станев |
| Авторски знак |
Вълч - В 95 |
| 245 10 - Сведения за заглавието |
| Заглавие |
Попътни срещи |
| Подзаглавни данни |
Кн. 1 - |
| Редно поле (дума) |
Найден Станев Вълчев. |
| Том |
Кн. 2 |
| 257 ## - Страна на издаване |
| Страна на създаване/издаване |
България |
| 260 ## - Област на издателските данни |
| Място на издаване, разпространение и проч. |
София |
| Име на издателя, разпространителя и проч. |
Захарий Стоянов |
| Година на издаване |
2007 - |
| Печатница |
София : УИ Св. Кл. Охридски |
| 9 (RLIN) |
209473 |
| Издателство - префикс ISBN |
978-954-739- ; 978-954-09- ; 954-9559- |
| 300 ## - Физическа характеристика |
| Размери/Мащаб |
20 см |
| 380 ## - Жанр |
| Жанр |
Худож. лит. |
| 500 ## - Общи забележки |
| Забележка |
Офс. изд. |
| 653 ## - Ключова дума – ненормативна |
| Ключова дума |
есета |
| 659 ## - Тематичен бюлетин |
| Тематичен бюлетин |
Н |
| 760 1# - Описание на основната серия |
| Редна дума на основното описание |
Вълчев, Найден Станев |
| Място на издаване, издател и година |
Захарий Стоянов, 2007 |
| Страници - том |
280 с. |
| Забележка - том |
Съдържа произведения и очерци за А. С. Пушкин, Ад. Мицкевич, Ал. Твардовски, В. Биков, К. Симонов, М. Шагал, М. Гусовски, М. Исаковски, М. Ю. Лермонтов, Низами, О. Хайям. |
| Заглавие |
Кн. 2 |
| 852 ## - Местоположение |
| Форматна сигнатура |
Цб 237956 |
| 856 4# - Електронен адрес и достъп |
| Електронен формат |
pdf - файл |
| Инструкция (цена за достъп) |
0.00 |
| Права за достъп |
disable |
| 856 4# - Електронен адрес и достъп |
| Електронен формат |
pdf - файл |
| Инструкция (цена за достъп) |
0.00 |
| Права за достъп |
disable |
| 999 ## - СИСТЕМНИ КОНТРОЛНИ НОМЕРА |
| Koha biblionumber |
78360 |
| Koha biblioitemnumber |
78360 |
| 942 ## - АРТИКУЛИ |
| Вид на библиотечния материал |
Книги |
| Скрит в OPAC |
Не |
| Koha issues (borrowed), all copies |
3 |
| Периодичен библиозапис |
Да |
| 944 ## - СЪЗДАВАНЕ И РЕДАКЦИЯ на ЗАПИСА |
| Създаване/Редакция |
Създаване |
| Дата на регистрацията/редакция |
02.04.2008 |
| Статус, дата на статуса |
Правда Бадева |
| Служител, извършил регистрацията/редакцията |
30567 |
| 944 ## - СЪЗДАВАНЕ И РЕДАКЦИЯ на ЗАПИСА |
| Създаване/Редакция |
Редакция |
| Дата на регистрацията/редакция |
14.04.2015 |
| Статус, дата на статуса |
ф / |
| Служител, извършил регистрацията/редакцията |
Людмила_Стоянова |
| 999 ## - СИСТЕМНИ КОНТРОЛНИ НОМЕРА |
| Koha biblioitemnumber |
78360 |